[Event "FRA-chT1A 0607"]
[Site "France"]
[Date "2006.11.25"]
[Round "2.8"]
[White "Swiercz, Sandra"]
[Black "Huynh, David"]
[Result "1-0"]
[WhiteElo "1945"]
[BlackElo "1499"]
[PlyCount "43"]
[EventDate "2006.10.15"]
[EventType "team-tourn"]
[EventRounds "11"]
[EventCountry "FRA"]
[SourceTitle "EXT 2008"]
[Source "ChessBase"]
[SourceDate "2007.11.25"]
[SourceVersion "1"]
[SourceVersionDate "2007.11.25"]
[SourceQuality "1"]
[WhiteTeam "Lille"]
[BlackTeam "Evry Grand Roque II"]
[WhiteTeamCountry "FRA"]
[BlackTeamCountry "FRA"]

1. e4 e5 2. Nc3 Nf6 3. Bc4 Bc5 4. d3 c6 5. Nf3 d6 6. 0-0 b5 7. Bb3 Bg4 8. h3 Bh5 9. Be3 Bd4 10. g4 Bxe3 11. fxe3 Nxg4 12. hxg4 Bxg4 13. Bxf7+ Ke7 14. Qe1 Bxf3 15. Rxf3 Nd7 16. Qg3 Kf8 17. Bd5+ Nf6 18. Bxc6 Rc8 19. Bxb5 Rxc3 20. bxc3 Qa5 21. Bc4 Ke7 22. Qxg7+ 1-0